<?xml version="1.0" encoding="UTF-8"?>
<record
    xmlns:xsi="http://www.w3.org/2001/XMLSchema-instance"
    xsi:schemaLocation="http://www.loc.gov/MARC21/slim http://www.loc.gov/standards/marcxml/schema/MARC21slim.xsd"
    xmlns="http://www.loc.gov/MARC21/slim">

  <leader>01459nam a22002537a 4500</leader>
  <controlfield tag="003">Uzh_bibl</controlfield>
  <controlfield tag="008">250408b        |||||||| |||| 00| 0 ukr d</controlfield>
  <datafield tag="020" ind1=" " ind2=" ">
    <subfield code="a">978-617-656-152-1</subfield>
    <subfield code="c">27.41</subfield>
  </datafield>
  <datafield tag="040" ind1=" " ind2=" ">
    <subfield code="b">&#x443;&#x43A;&#x440;.</subfield>
  </datafield>
  <datafield tag="041" ind1=" " ind2=" ">
    <subfield code="2">ukr</subfield>
    <subfield code="a">ukr</subfield>
  </datafield>
  <datafield tag="080" ind1=" " ind2=" ">
    <subfield code="a">82(100)</subfield>
  </datafield>
  <datafield tag="090" ind1=" " ind2=" ">
    <subfield code="a">82(100)</subfield>
    <subfield code="b">&#x423; 31</subfield>
  </datafield>
  <datafield tag="100" ind1=" " ind2=" ">
    <subfield code="a">&#x423;&#x434;&#x43E;&#x432;&#x438;&#x447;&#x435;&#x43D;&#x43A;&#x43E;, &#x41B;&#x430;&#x440;&#x438;&#x441;&#x430;</subfield>
  </datafield>
  <datafield tag="245" ind1=" " ind2=" ">
    <subfield code="a">&#x415;&#x43D;&#x446;&#x438;&#x43A;&#x43B;&#x43E;&#x43F;&#x435;&#x434;&#x456;&#x44F; - &#x434;&#x43E;&#x432;&#x456;&#x434;&#x43D;&#x438;&#x43A; &#x437;&#x456; &#x441;&#x432;&#x456;&#x442;&#x43E;&#x432;&#x43E;&#x457; &#x43B;&#x456;&#x442;&#x435;&#x440;&#x430;&#x442;&#x443;&#x440;&#x438;.</subfield>
    <subfield code="c">&#x417;&#x430; &#x440;&#x435;&#x434;.  &#x41D;.&#x41C;. &#x41A;&#x430;&#x434;&#x43E;&#x431;'&#x44F;&#x43D;&#x441;&#x44C;&#x43A;&#x43E;&#x457;</subfield>
    <subfield code="h">&#x422;&#x435;&#x43A;&#x441;&#x442; </subfield>
  </datafield>
  <datafield tag="260" ind1=" " ind2=" ">
    <subfield code="a">&#x41A;&#x438;&#x457;&#x432;</subfield>
    <subfield code="b">&#x412;&#x438;&#x434;&#x430;&#x432;&#x43D;&#x438;&#x447;&#x438;&#x439; &#x434;&#x456;&#x43C; "&#x41E;&#x441;&#x432;&#x456;&#x442;&#x430;"</subfield>
    <subfield code="c">2012</subfield>
  </datafield>
  <datafield tag="300" ind1=" " ind2=" ">
    <subfield code="a">144 &#x441;.</subfield>
    <subfield code="f">&#x412; &#x43E;&#x43F;&#x440;.</subfield>
  </datafield>
  <datafield tag="520" ind1=" " ind2=" ">
    <subfield code="a">&#x41F;&#x440;&#x43E;&#x43F;&#x43E;&#x43D;&#x43E;&#x432;&#x430;&#x43D;&#x438;&#x439; &#x434;&#x43E;&#x432;&#x456;&#x434;&#x43D;&#x438;&#x43A; &#x437;&#x456; &#x441;&#x432;&#x456;&#x442;&#x43E;&#x432;&#x43E;&#x457; &#x43B;&#x456;&#x442;&#x435;&#x440;&#x430;&#x442;&#x443;&#x440;&#x438; &#x43C;&#x456;&#x441;&#x442;&#x438;&#x442;&#x44C; &#x432;&#x456;&#x434;&#x43E;&#x43C;&#x43E;&#x441;&#x442;&#x456; &#x43F;&#x440;&#x43E; &#x43F;&#x438;&#x441;&#x44C;&#x43C;&#x435;&#x43D;&#x43D;&#x438;&#x43A;&#x456;&#x432; &#x441;&#x432;&#x456;&#x442;&#x443;. &#x412; &#x43D;&#x44C;&#x43E;&#x43C;&#x443; &#x43C;&#x43E;&#x436;&#x43D;&#x430; &#x43F;&#x440;&#x43E;&#x447;&#x438;&#x442;&#x430;&#x442;&#x438; &#x43F;&#x440;&#x43E; &#x43C;&#x456;&#x444; &#x456; &#x43A;&#x430;&#x437;&#x43A;&#x443;, &#x430;&#x43D;&#x442;&#x438;&#x447;&#x43D;&#x443; &#x43B;&#x456;&#x442;&#x435;&#x440;&#x430;&#x442;&#x443;&#x440;&#x443;, &#x43B;&#x456;&#x442;&#x435;&#x440;&#x430;&#x442;&#x443;&#x440;&#x443; &#x414;&#x430;&#x432;&#x43D;&#x44C;&#x43E;&#x433;&#x43E; &#x441;&#x432;&#x456;&#x442;&#x443; &#x456; &#x421;&#x435;&#x440;&#x435;&#x434;&#x43D;&#x456;&#x445; &#x432;&#x456;&#x43A;&#x456;&#x432;, &#x435;&#x43F;&#x43E;&#x445;&#x438; &#x412;&#x456;&#x434;&#x440;&#x43E;&#x434;&#x436;&#x435;&#x43D;&#x43D;&#x44F; &#x456; &#x41F;&#x440;&#x43E;&#x441;&#x432;&#x456;&#x442;&#x43D;&#x438;&#x446;&#x442;&#x432;&#x430;, &#x43C;&#x438;&#x441;&#x442;&#x435;&#x446;&#x442;&#x432;&#x43E; &#x41D;&#x43E;&#x432;&#x43E;&#x433;&#x43E; &#x447;&#x430;&#x441;&#x443;.</subfield>
  </datafield>
  <datafield tag="521" ind1=" " ind2=" ">
    <subfield code="a"> &#x414;&#x43B;&#x44F; &#x443;&#x447;&#x43D;&#x456;&#x432;, &#x443;&#x447;&#x438;&#x442;&#x435;&#x43B;&#x456;&#x432;, &#x441;&#x442;&#x443;&#x434;&#x435;&#x43D;&#x442;&#x456;&#x432;, &#x448;&#x438;&#x440;&#x43E;&#x43A;&#x43E;&#x433;&#x43E; &#x43A;&#x43E;&#x43B;&#x430; &#x447;&#x438;&#x442;&#x430;&#x447;&#x456;&#x432;.</subfield>
  </datafield>
  <datafield tag="546" ind1=" " ind2=" ">
    <subfield code="a">&#x443;&#x43A;&#x440;.</subfield>
  </datafield>
  <datafield tag="650" ind1=" " ind2=" ">
    <subfield code="a">&#x414;&#x43E;&#x432;&#x456;&#x434;&#x43A;&#x43E;&#x432;&#x430; &#x432;&#x438;&#x434;&#x430;&#x43D;&#x43D;&#x44F;</subfield>
  </datafield>
  <datafield tag="653" ind1=" " ind2=" ">
    <subfield code="a">&#x42F;&#x43A; &#x437;'&#x44F;&#x432;&#x438;&#x43B;&#x43E;&#x441;&#x44F; &#x441;&#x43B;&#x43E;&#x432;&#x435;&#x441;&#x43D;&#x435; &#x43C;&#x438;&#x441;&#x442;&#x435;&#x446;&#x442;&#x432;&#x43E;.</subfield>
    <subfield code="a">&#x41B;&#x456;&#x442;&#x435;&#x440;&#x430;&#x442;&#x443;&#x440;&#x430; &#x440;&#x456;&#x437;&#x43D;&#x438;&#x445; &#x435;&#x43F;&#x43E;&#x445;.</subfield>
  </datafield>
  <datafield tag="655" ind1=" " ind2=" ">
    <subfield code="a">&#x41A;&#x440;&#x438;&#x442;&#x438;&#x43A;&#x430;</subfield>
    <subfield code="v">&#x41D;&#x430;&#x440;&#x438;&#x441;&#x438; </subfield>
  </datafield>
  <datafield tag="942" ind1=" " ind2=" ">
    <subfield code="2">udc</subfield>
    <subfield code="c">BK</subfield>
  </datafield>
  <datafield tag="999" ind1=" " ind2=" ">
    <subfield code="c">16977</subfield>
    <subfield code="d">16977</subfield>
  </datafield>
  <datafield tag="952" ind1=" " ind2=" ">
    <subfield code="0">0</subfield>
    <subfield code="1">0</subfield>
    <subfield code="2">udc</subfield>
    <subfield code="4">0</subfield>
    <subfield code="7">0</subfield>
    <subfield code="a">MBdD</subfield>
    <subfield code="b">MBdD</subfield>
    <subfield code="c">CHP</subfield>
    <subfield code="d">2026-03-10</subfield>
    <subfield code="i">62166</subfield>
    <subfield code="l">0</subfield>
    <subfield code="o">82(100)</subfield>
    <subfield code="p">16595</subfield>
    <subfield code="r">2026-03-10</subfield>
    <subfield code="w">2026-03-10</subfield>
    <subfield code="y">BK</subfield>
  </datafield>
</record>
